| 000 | 00000nam##2200000za#4500 |
| 001 | 9.643995 |
| 003 | CaOODSP |
| 005 | 20250910142445 |
| 007 | cr ||||||||||| |
| 008 | 150407|1999||||xxc|||||o f|0| 0 fre|d |
| 040 | |aCaOODSP|bfre |
| 043 | |an-cn--- |
| 086 | 1 |aD2-346/1999F-PDF |
| 110 | 1 |aCanada. |bMinistère de la défense nationale. |
| 245 | 10|aL'éthique dans les opérations : |h[ressource électronique]|bactes de la conférence sur l'éthique dans la défense canadienne, Ottawa, les 2 et 3 novembre 1999 / |cprésentée par le Programme d'éthique de la Défense, Chef-Service d'examen, Quartier général de la Défense nationale. |
| 260 | |aOttawa - Ontario : |bDéfense nationale |c1999. |
| 300 | |a171p.|bcarte en couleur, figures (certaines en couleur), ill. (certaines en couleur), photographies |
| 590 | |a14-20-Supp|b2014-11-25 |
| 691 | 07|aArmée|2gcpds |
| 691 | 07|aÉthique|2gcpds |
| 691 | 07|aCongrès|2gcpds |
| 775 | 08|tEthics in operation : |w(CaOODSP)9.700083 |
| 856 | 40|ahttp://publications.gc.ca|qPDF|s3.30 Mo|uhttps://publications.gc.ca/collections/collection_2014/mdn-dnd/D2-346-1999-fra.pdf |